000 00722nam a2200229 a 4500
001 000002058
003 DO-SdBNP
005 20250618093855.0
008 090630s2004 dr 000 0 spa d
040 _aDO-SdBNP
_bspa
_cBNPHU
082 4 _a972.93053
_bR789t
_222
100 1 _aRosario, Esteban
_d1953-
_99330
245 1 0 _aTrujillo y la tabacalera /
_cEsteban Rosario.
260 _aSanto Domingo :
_bAmigo del Hogar,
_c2004.
300 _a127 p. :
_bil. ;
_c23 cm.
504 _aBibliografías : p. 127
650 4 _aIndustria tabacalera
_zRepública Dominicana
_96627
650 4 _aHistoria económica
_91620
650 4 _aTabaco
_xHistoria
_96628
910 _aValidado. Control de calidad MMOLINA
942 _2ddc
_cLBS1
999 _c1922
_d1922